zpět

Detail výsledku týmu

Pub Na Plech ČT - Žižkov, Praha

Datum a čas kvízu

19 Celkem bodů Celkový počet nahraných bodů na tomto kvízu bez doplňovacích otázek.
5. Pořadí na kvízu Konečné umístění týmu na tomto kvízu.

Zaznamenané odpovědi

# Otázka Odpověď Body Výsledky
1. V posledních týdnech se do Čes... spalničky 0
2. Nepálské úřady minulý týden oz... C) pytlíkem na výkaly 1
3. Městské divadlo v Brně v sobot... Bílá voda 0
4. Která automobilka získala s je... Mercedes 1
5. V noci z neděle na pondělí se... Kansas City (Chiefs), San Francisco (49ers) 0.5
6. Vítězné téma facebookového hla... 1A 2B 3C 4D 0
7. Dne 18. dubna 1997 byli odsouz... Orličtí vrazi 0
8. Devadesátkovou klasikou je fil... Fuck Off Guys Good Day 0
9. Kolik tlačítek má na své předn... tři 0
10. Ke které obci se v souvislosti... Drnovice 0